The appeal of the Bible to-day. (Record no. 3320)

000 -LEADER
fixed length control field 00554nam a2200181 a 4500
001 - CONTROL NUMBER
control field :::00001050$&:&@@
003 - CONTROL NUMBER IDENTIFIER
control field OkBaRHE
005 - DATE AND TIME OF LATEST TRANSACTION
control field 20000822113146.0
008 - FIXED-LENGTH DATA ELEMENTS--GENERAL INFORMATION
fixed length control field j 000 0 eng u
040 ## - CATALOGING SOURCE
Transcribing agency
100 1# - MAIN ENTRY--PERSONAL NAME
Personal name Mark, Thiselton
245 14 - TITLE STATEMENT
Title The appeal of the Bible to-day.
260 ## - PUBLICATION, DISTRIBUTION, ETC. (IMPRINT)
Place of publication, distribution, etc New York, NY., :
Name of publisher, distributor, etc Thomas Nelson and Sons
300 ## - PHYSICAL DESCRIPTION
Extent 162 p. ;
Dimensions 19 cm.
650 ## - SUBJECT ADDED ENTRY--TOPICAL TERM
Topical term or geographic name as entry element Bible
General subdivision Criticism, Interpretation, etc.
942 ## - ADDED ENTRY ELEMENTS (KOHA)
Source of classification or shelving scheme
Koha item type Books
Copies
Barcode Damaged status Date last seen Full call number Shelving location Date acquired Koha item type Source of classification or shelving scheme Withdrawn status Price effective from Lost status Not for loan Copy number Permanent Location
1050 2010-04-14BS 511 .T45General Stacks2010-04-14Books  2010-04-14  1RHEMA Bible Training College